| 000 | 00449nam a2200181Ia 4500 | ||
|---|---|---|---|
| 003 | IT-RoPAU | ||
| 008 | 120407s9999 xx 000 0 und d | ||
| 040 | _aIT-RoPAU | ||
| 040 | _cIT-RoPAU | ||
| 100 | _aEttore Passerin d'Entrèves | ||
| 245 | _aIl cattolicesimo politico e sociale in Italia e Germania dal 1870 al 1914 | ||
| 250 | _aBologna | ||
| 260 | _aIl Mulino | ||
| 300 | _c cm | ||
| 490 | _v1 | ||
| 700 | _aKonrad Repgen | ||
| 942 | _cBK | ||
| 999 |
_c6888 _d6888 |
||